| 000 | 00615nam a2200229Ia 4500 | ||
|---|---|---|---|
| 005 | 20250425162024.0 | ||
| 008 | 250425s9999 xx 000 0 und d | ||
| 020 | _a9586371751 | ||
| 041 | _aspa | ||
| 082 | _a004.165 | ||
| 110 | _aCOMPUCLUB E INTERMEDIO EDITORES | ||
| 245 | 0 | _aTEORIA Y PRACTICA EN MICROCOMPUTADORES (PARTE II) | |
| 250 | _a2A ED. | ||
| 260 | _aBOGOTA | ||
| 260 |
_aColombia _bCOMPUCLUB E INTERMEDIO EDITORES _c1992 |
||
| 300 | _a202 | ||
| 650 | _aMICROCOMPUTADORAS | ||
| 650 | _aPROCESADORES DE PALABRAS | ||
| 650 | _aPROGRAMACION DE COMPUTADORES | ||
| 942 | _c01 | ||
| 010 | _a41012 | ||
| 999 |
_c220804 _d220804 |
||